[Event "Titled Tuesday intern op 16th Jan Late"]
[Site "Chess.com INT"]
[Date "2024.01.16"]
[Round "2"]
[White "Rojas Alarcon, Julian Antonio"]
[Black "Mickiewicz, Piotr"]
[Result "0-1"]
[WhiteElo "2354"]
[BlackElo "2239"]
[PlyCount "120"]
[EventDate "2024.01.16"]
[EventType "swiss (blitz)"]
[EventRounds "11"]
[EventCountry "USA"]
[SourceTitle "CB04_2024"]
[SourceDate "2023.10.16"]
[SourceVersion "1"]
[SourceVersionDate "2023.10.16"]
[SourceQuality "1"]

1. e4 c5 2. Nf3 Nc6 3. Nc3 g6 4. d4 cxd4 5. Nxd4 Bg7 6. Be3 Nf6 7. Bc4 d6 8. f3 Bd7 9. Qd2 h5 10. 0-0-0 Ne5 11. Bb3 Rc8 12. Rhe1 0-0 13. Kb1 Re8 14. Bh6 Nc4 15. Bxc4 Rxc4 16. Bxg7 Kxg7 17. Qg5 Rxc3 18. bxc3 Qb6+ 19. Nb3 Rc8 20. e5 dxe5 21. Qxe5 Be6 22. h3 h4 23. Re4 Qf2 24. Re2 Qb6 25. Qd4 Qa6 26. Re3 Rc4 27. Qd8 Ra4 28. Qxe7 Bxb3 29. cxb3 Rxa2 30. Rd8 Ra1+ 31. Kc2 Qa2+ 32. Kd3 Rd1+ 33. Kc4 Qa6+ 34. Kb4 Qb6+ 35. Kc4 Qxd8 36. Qxd8 Rxd8 37. Re7 Rc8+ 38. Kd3 Rb8 39. c4 Kf8 40. Rc7 Ne8 41. Rd7 Nf6 42. Rc7 Rd8+ 43. Kc3 Rd7 44. Rc8+ Ke7 45. Rh8 g5 46. b4 Rc7 47. Kb3 b6 48. b5 Ke6 49. Ra8 Kf5 50. Kb4 Nh5 51. Rd8 Nf4 52. Rd2 Re7 53. Ra2 f6 54. Kb3 Nd3 55. Kc3 Nc5 56. Kb4 Kf4 57. Rd2 Kg3 58. Rd6 Re6 59. Rd2 Re3 60. Ra2 Rb3# 0-1

[Event "Titled Tuesday intern op 26th Sep Late"]
[Site "Chess.com INT"]
[Date "2023.09.26"]
[Round "7"]
[White "Rojas Alarcon, Julian Antonio"]
[Black "He, Anthony B"]
[Result "1-0"]
[WhiteElo "2354"]
[BlackElo "2515"]
[PlyCount "105"]
[EventDate "2023.09.26"]
[EventType "swiss (blitz)"]
[EventRounds "11"]
[EventCountry "USA"]
[SourceTitle "EXT 2024"]
[Source "ChessBase"]
[SourceDate "2023.10.10"]
[SourceVersion "1"]
[SourceVersionDate "2023.10.10"]
[SourceQuality "1"]

1. c4 Nf6 2. g3 h5 3. h3 h4 4. g4 e5 5. Bg2 c6 6. d3 d5 7. cxd5 cxd5 8. Nc3 Be6 9. Nf3 Nc6 10. Ng5 Bc5 11. Nxe6 fxe6 12. 0-0 0-0 13. Bg5 Qe8 14. Bxh4 Qg6 15. Rc1 Bb6 16. Na4 Bc7 17. Nc5 Bb6 18. Nxe6 Rfe8 19. Nc5 e4 20. Nxb7 Ne5 21. Nd6 Re6 22. Bg3 e3 23. f4 Nexg4 24. f5 Qg5 25. Bf4 Qh4 26. fxe6 Nf2 27. Qe1 Qxf4 28. Nb5 Qg3 29. Qb4 Nxh3+ 30. Kh1 Ng4 31. Qd6 Ngf2+ 32. Rxf2 Nxf2+ 33. Kg1 Nh3+ 34. Kh1 Nf4 35. Bf3 Rd8 36. e7 Qh3+ 37. Kg1 Qg3+ 38. Kh1 Re8 39. Qd7 Qh4+ 40. Kg1 Rxe7 41. Qc8+ Kh7 42. Qg4 Qf2+ 43. Kh1 Rf7 44. Rg1 a6 45. Nd6 Re7 46. Nf5 Rf7 47. Nd6 Re7 48. Qxf4 Bc7 49. Qf5+ Kg8 50. Qxd5+ Kh7 51. Qh5+ Kg8 52. Nf5 Rf7 53. Nh6+ 1-0

[Event "Titled Tuesday intern op 26th Sep Late"]
[Site "Chess.com INT"]
[Date "2023.09.26"]
[Round "10"]
[White "Rojas Alarcon, Julian Antonio"]
[Black "Rees, Ioan"]
[Result "1-0"]
[WhiteElo "2354"]
[BlackElo "2289"]
[PlyCount "185"]
[EventDate "2023.09.26"]
[EventType "swiss (blitz)"]
[EventRounds "11"]
[EventCountry "USA"]
[SourceTitle "EXT 2024"]
[Source "ChessBase"]
[SourceDate "2023.10.10"]
[SourceVersion "1"]
[SourceVersionDate "2023.10.10"]
[SourceQuality "1"]

1. d4 Nf6 2. c4 e6 3. Nc3 Bb4 4. e3 0-0 5. Bd2 d5 6. a3 Be7 7. Nf3 b6 8. b4 a5 9. Rb1 axb4 10. axb4 Nbd7 11. c5 c6 12. cxb6 Nxb6 13. Bd3 Ba6 14. Bxa6 Rxa6 15. Ne5 Qa8 16. 0-0 Nfd7 17. b5 cxb5 18. Nxb5 Ra2 19. Nc3 Ra6 20. Nxd7 Nxd7 21. Qe2 Nb6 22. Nb5 Ra2 23. Nc3 Ra6 24. e4 dxe4 25. Nxe4 Nd5 26. Qd3 h6 27. Nc5 Ra3 28. Qe4 Nf6 29. Qxa8 Rfxa8 30. Bb4 Ra2 31. Nd3 Nd5 32. Bxe7 Nxe7 33. Rb7 R2a7 34. Rbb1 Rd8 35. Rb4 Rad7 36. Ne5 Rxd4 37. Rb7 Kf8 38. g3 f6 39. Nf3 R8d7 40. Nxd4 Rxb7 41. Nxe6+ Kf7 42. Nc5 Rc7 43. Ne4 Rc2 44. Rd1 Ke6 45. Rd6+ Kf7 46. Rd7 Ke8 47. Ra7 Nf5 48. h4 Kf8 49. h5 Nd4 50. Kg2 Rb2 51. Nd6 Ne6 52. Rf7+ Kg8 53. Re7 Ng5 54. Ne8 Kf8 55. Re1 Rd2 56. Nc7 Rc2 57. Nd5 Rd2 58. Nf4 Rb2 59. Ng6+ Kf7 60. Re7+ Kg8 61. Re8+ Kf7 62. Re7+ Kg8 63. Re3 Kf7 64. Nh4 Rb7 65. Nf5 Ra7 66. Rd3 Ne6 67. Nd6+ Kg8 68. Nf5 Kf7 69. Re3 Ng5 70. Nd6+ Kg8 71. Re8+ Kh7 72. Nf5 Nf7 73. Nh4 Rd7 74. Ng6 Rd8 75. Re7 Kg8 76. Nh4 Rc8 77. Nf5 Rd8 78. Ra7 Rb8 79. Rc7 Ra8 80. Rb7 Rc8 81. Rxf7 Kxf7 82. Nd6+ Ke7 83. Nxc8+ Kd7 84. Nb6+ Kc6 85. Nc4 Kd5 86. Ne3+ Ke4 87. Kh3 Kf3 88. Kh4 Kxf2 89. Nf5 Kf3 90. Nxg7 Ke4 91. g4 Kf4 92. Nf5 Ke5 93. Nxh6 1-0

[Event "Titled Tuesday intern op 19th Sep Late"]
[Site "Chess.com INT"]
[Date "2023.09.19"]
[Round "6"]
[White "Bressy, Theo"]
[Black "Rojas Alarcon, Julian Antonio"]
[Result "0-1"]
[WhiteElo "2183"]
[BlackElo "2354"]
[PlyCount "70"]
[EventDate "2023.09.19"]
[EventType "swiss (blitz)"]
[EventRounds "11"]
[EventCountry "USA"]
[SourceTitle "EXT 2024"]
[Source "ChessBase"]
[SourceDate "2023.10.10"]
[SourceVersion "1"]
[SourceVersionDate "2023.10.10"]
[SourceQuality "1"]

1. e4 c5 2. a3 d6 3. b4 Nf6 4. Nc3 g6 5. Nf3 Bg7 6. d4 cxd4 7. Nxd4 0-0 8. Bb2 b6 9. Be2 Bb7 10. Bf3 Nbd7 11. 0-0 Rc8 12. Nd5 Ne5 13. Re1 Nfd7 14. Be2 Nc4 15. Bxc4 Rxc4 16. Ne3 Rc8 17. f3 Ne5 18. Qe2 a6 19. c4 e6 20. Rac1 Re8 21. Nb3 Qg5 22. Rcd1 Red8 23. Rf1 Qh5 24. g4 Qh3 25. f4 Nxg4 26. Nxg4 Bxb2 27. Rd3 Qh4 28. Rg3 Bg7 29. f5 exf5 30. exf5 Re8 31. Qd2 Rxc4 32. Ne3 Rc3 33. fxg6 hxg6 34. Nc1 Rcxe3 35. Rxe3 Qg5+ 0-1

[Event "Titled Tuesday intern op 19th Sep Late"]
[Site "Chess.com INT"]
[Date "2023.09.19"]
[Round "1"]
[White "Shubenkova, Veronika"]
[Black "Rojas Alarcon, Julian Antonio"]
[Result "0-1"]
[WhiteElo "2008"]
[BlackElo "2354"]
[PlyCount "84"]
[EventDate "2023.09.19"]
[EventType "swiss (blitz)"]
[EventRounds "11"]
[EventCountry "USA"]
[SourceTitle "EXT 2024"]
[Source "ChessBase"]
[SourceDate "2023.10.10"]
[SourceVersion "1"]
[SourceVersionDate "2023.10.10"]
[SourceQuality "1"]

1. c4 Nf6 2. Nc3 e6 3. d4 Bb4 4. Nf3 b6 5. g3 Bb7 6. Bg2 0-0 7. 0-0 Bxc3 8. bxc3 d6 9. Bg5 Nbd7 10. Re1 h6 11. Bxf6 Nxf6 12. Qc2 Be4 13. Qb2 Qc8 14. Nd2 Bxg2 15. Kxg2 Re8 16. e4 e5 17. Re2 Nh5 18. h3 Re6 19. Nf3 Qb7 20. Rae1 Rae8 21. d5 R6e7 22. Nh4 g6 23. Rf1 c6 24. Qa3 Qc7 25. Rd2 Rd8 26. Rfd1 Nf6 27. f3 cxd5 28. cxd5 Rc8 29. Rd3 Nd7 30. Qc1 Kh7 31. Rf1 Qc4 32. Re3 Nc5 33. Qa3 Qa4 34. Qb2 Rec7 35. f4 exf4 36. Rxf4 g5 37. Rg4 gxh4 38. e5 Qd1 39. exd6 Qxd5+ 40. Rf3 Nd3 41. Qe2 Rxc3 42. Qe7 Ne1+ 0-1

[Event "Titled Tuesday intern op 05th Sep Late"]
[Site "Chess.com INT"]
[Date "2023.09.05"]
[Round "9"]
[White "Kaplan, Avi Harrison"]
[Black "Rojas Alarcon, Julian Antonio"]
[Result "0-1"]
[WhiteElo "2112"]
[BlackElo "2354"]
[PlyCount "86"]
[EventDate "2023.09.05"]
[EventType "swiss (blitz)"]
[EventRounds "11"]
[EventCountry "USA"]
[SourceTitle "EXT 2024"]
[Source "ChessBase"]
[SourceDate "2023.10.10"]
[SourceVersion "1"]
[SourceVersionDate "2023.10.10"]
[SourceQuality "1"]

1. b3 b6 2. Bb2 Bb7 3. f4 d6 4. Nf3 Nd7 5. e3 Ngf6 6. Be2 g6 7. 0-0 Bg7 8. d3 e5 9. fxe5 Ng4 10. Qc1 Ngxe5 11. Nbd2 0-0 12. e4 Bh6 13. h3 Nxf3+ 14. Bxf3 Ne5 15. Be2 Qh4 16. Qd1 f5 17. Nf3 Nxf3+ 18. Bxf3 fxe4 19. dxe4 Be3+ 20. Kh1 Qg3 21. Bg4 h5 22. Bxh5 Rxf1+ 23. Qxf1 Bxe4 24. Bf3 Rf8 25. Qc4+ d5 26. Qc3 d4 27. Qc4+ Kh7 28. Bxe4 Bf4 29. Kg1 Qe3+ 30. Kh1 Qg3 31. Kg1 Qe3+ 32. Kh1 Qxe4 33. Qxd4 Qxd4 34. Bxd4 Re8 35. Rf1 g5 36. g3 Bxg3 37. Rf7+ Kg6 38. Rg7+ Kf5 39. Kg2 Bf4 40. Kf3 Re1 41. Rf7+ Ke6 42. Rg7 Rd1 43. Bb2 Rg1 0-1

[Event "Titled Tuesday intern op 05th Sep Late"]
[Site "Chess.com INT"]
[Date "2023.09.05"]
[Round "3"]
[White "Rojas Alarcon, Julian Antonio"]
[Black "Ibarra Jerez, Jose Carlos"]
[Result "1-0"]
[WhiteElo "2354"]
[BlackElo "2563"]
[PlyCount "169"]
[EventDate "2023.09.05"]
[EventType "swiss (blitz)"]
[EventRounds "11"]
[EventCountry "USA"]
[SourceTitle "EXT 2024"]
[Source "ChessBase"]
[SourceDate "2023.10.10"]
[SourceVersion "1"]
[SourceVersionDate "2023.10.10"]
[SourceQuality "1"]

1. c4 e5 2. g3 Nf6 3. Bg2 c6 4. Nf3 e4 5. Nd4 Qb6 6. Nc2 d5 7. cxd5 cxd5 8. d3 Nc6 9. Nc3 Be7 10. 0-0 0-0 11. dxe4 dxe4 12. Nxe4 Nxe4 13. Bxe4 Rd8 14. Qe1 Bf6 15. Rb1 Bh3 16. Bg2 Bf5 17. e4 Be6 18. b3 Ne5 19. Be3 Qa6 20. Nb4 Qb5 21. Nd5 Bxd5 22. exd5 Rxd5 23. a4 Qd7 24. Rd1 Rxd1 25. Qxd1 Qe7 26. Qd5 Nc6 27. Bc5 Qe8 28. b4 Rd8 29. Qe4 Qxe4 30. Bxe4 Nxb4 31. Bxb7 a5 32. Rb1 Bc3 33. Bf3 g6 34. Kg2 Rd2 35. Rc1 Bd4 36. Bxd4 Rxd4 37. Rc8+ Kg7 38. Ra8 Nd3 39. Bc6 Rb4 40. Bb5 Ne5 41. Rxa5 Rb2 42. h3 Ra2 43. Ra7 Rc2 44. a5 Rb2 45. Bf1 Rb3 46. a6 Nf3 47. Rb7 Ra3 48. a7 Ne5 49. Bb5 Ra5 50. f4 Ra2+ 51. Kf1 Nf3 52. Bc6 Nd2+ 53. Ke1 Nc4 54. Bd5 Ra1+ 55. Ke2 Nd6 56. Rd7 Nf5 57. a8Q Nxg3+ 58. Kf3 Rxa8 59. Bxa8 Nf5 60. Be4 Nh6 61. Bd5 Kf6 62. Ra7 Kg7 63. Bc4 Kf6 64. Ke4 Kg7 65. Ke5 Kf8 66. Kd6 Kg7 67. Kd7 Kf6 68. Ke8 Kf5 69. Bxf7 Kxf4 70. Kf8 Nf5 71. Bg8 h5 72. Bh7 Nh4 73. Ra6 Kg5 74. Kg7 Nf5+ 75. Kh8 Nh4 76. Kg7 Nf5+ 77. Kf7 Nh6+ 78. Ke8 Kh4 79. Rxg6 Nf5 80. Ra6 Ng3 81. Ra3 Kxh3 82. Kf7 Kg4 83. Kf6 h4 84. Ra4+ Kh3 85. Bf5+ 1-0

[Event "Titled Tuesday intern op 21st Sept"]
[Site "Chess.com INT"]
[Date "2021.09.21"]
[Round "3"]
[White "Martin Carmona, Gaston Manuel"]
[Black "Rojas Alarcon, Julian Antonio"]
[Result "0-1"]
[WhiteElo "2326"]
[BlackElo "2397"]
[PlyCount "122"]
[EventDate "2021.09.21"]
[EventType "swiss (blitz)"]
[EventRounds "9"]
[EventCountry "USA"]
[SourceTitle "EXT 2022"]
[Source "ChessBase"]
[SourceDate "2021.10.06"]
[SourceVersion "1"]
[SourceVersionDate "2021.10.06"]
[SourceQuality "1"]

1. c4 Nf6 2. g3 e6 3. Bg2 d5 4. Nf3 Be7 5. d4 dxc4 6. 0-0 a6 7. Ne5 Ra7 8. Nxc4 b5 9. Ne5 c5 10. a4 bxa4 11. Qxa4+ Nfd7 12. Bd2 Bb7 13. Nc3 cxd4 14. Nb5 Nc5 15. Qxd4 Qxd4 16. Nxd4 Bxg2 17. Kxg2 Rb7 18. Bc3 0-0 19. Rfd1 Ne4 20. f3 Nxc3 21. bxc3 Bf6 22. Nd3 Rc8 23. Ra3 h6 24. e4 Rbc7 25. e5 Be7 26. Rb3 Rxc3 27. Rdb1 Rxb3 28. Rxb3 Nc6 29. Rc3 Na7 30. Rb3 Rd8 31. Rb7 Rxd4 32. Rxe7 Nc6 33. Rc7 Rxd3 34. Rxc6 Rd2+ 35. Kh3 Ra2 36. f4 a5 37. Ra6 a4 38. Ra8+ Kh7 39. Kg4 Kg6 40. h3 Ra3 41. Ra7 h5+ 42. Kh4 Ra1 43. Ra6 a3 44. Ra5 a2 45. Ra6 f6 46. exf6 gxf6 47. Ra5 e5 48. fxe5 fxe5 49. Ra6+ Kf5 50. Kxh5 e4 51. g4+ Kf4 52. g5 e3 53. g6 e2 54. g7 Rg1 55. Ra4+ Kf3 56. Rg4 Rxg4 57. hxg4 e1Q 58. g8Q Qe5+ 59. Kh4 a1Q 60. Qb3+ Qac3 61. Qd1+ Kf2 0-1

[Event "Titled Tuesday intern op 21st Sept"]
[Site "Chess.com INT"]
[Date "2021.09.21"]
[Round "2"]
[White "Rojas Alarcon, Julian Antonio"]
[Black "Kushko, Dmitriy"]
[Result "0-1"]
[WhiteElo "2397"]
[BlackElo "2322"]
[PlyCount "136"]
[EventDate "2021.09.21"]
[EventType "swiss (blitz)"]
[EventRounds "9"]
[EventCountry "USA"]
[SourceTitle "EXT 2022"]
[Source "ChessBase"]
[SourceDate "2021.10.06"]
[SourceVersion "1"]
[SourceVersionDate "2021.10.06"]
[SourceQuality "1"]

1. e4 d6 2. d4 Nf6 3. Nc3 g6 4. f3 c6 5. a4 Nbd7 6. Be3 Bg7 7. Qd2 0-0 8. Bc4 d5 9. exd5 Nb6 10. Bb3 Nbxd5 11. Nxd5 Nxd5 12. Bh6 Bxh6 13. Qxh6 Qd6 14. Ne2 Be6 15. 0-0 Nb4 16. Bxe6 Qxe6 17. Qd2 a5 18. c3 Nd5 19. Rfe1 Qe3+ 20. Qxe3 Nxe3 21. Rac1 Nc4 22. Rc2 Ne3 23. Rcc1 Nc4 24. Rb1 Nd2 25. Rbd1 Nc4 26. b3 Ne3 27. Rd3 Nd5 28. Kf2 Rfe8 29. Ng3 Rad8 30. Ne4 b6 31. g3 Kg7 32. f4 h6 33. h3 f5 34. Nd2 g5 35. fxg5 hxg5 36. Nf3 Kf6 37. Ne5 c5 38. dxc5 bxc5 39. Nc6 Rd7 40. Red1 Rd6 41. Nxa5 Red8 42. Nb7 Nxc3 43. Nxd6 Nxd1+ 44. Rxd1 Rxd6 45. Rc1 Rb6 46. Rc3 Ke6 47. Kf3 Kd5 48. Rd3+ Ke5 49. Re3+ Kd6 50. h4 gxh4 51. gxh4 e5 52. Rc3 Kd5 53. Rd3+ Ke6 54. Rc3 Kd5 55. Rd3+ Ke6 56. Ke2 Rb8 57. Kd2 e4 58. Rh3 Ke5 59. Kc3 f4 60. Kc4 f3 61. Kc3 Kf4 62. h5 f2 63. Rh1 e3 64. Kd3 Rd8+ 65. Ke2 Rd2+ 66. Kf1 Rd1+ 67. Kg2 Rxh1 68. Kxh1 f1Q+ 0-1

[Event "Titled Tuesday intern op 21st Sept"]
[Site "Chess.com INT"]
[Date "2021.09.21"]
[Round "7"]
[White "Visakh, Narayanan Rajeswari"]
[Black "Rojas Alarcon, Julian Antonio"]
[Result "0-1"]
[WhiteElo "2510"]
[BlackElo "2397"]
[PlyCount "64"]
[EventDate "2021.09.21"]
[EventType "swiss (blitz)"]
[EventRounds "9"]
[EventCountry "USA"]
[SourceTitle "EXT 2022"]
[Source "ChessBase"]
[SourceDate "2021.10.06"]
[SourceVersion "1"]
[SourceVersionDate "2021.10.06"]
[SourceQuality "1"]

1. d4 Nf6 2. c4 e6 3. Nf3 b6 4. g3 Ba6 5. b3 Bb4+ 6. Bd2 Be7 7. Bg2 c6 8. Bc3 d5 9. Nbd2 Nbd7 10. 0-0 0-0 11. Re1 c5 12. e4 dxe4 13. Nxe4 Nxe4 14. Rxe4 Bf6 15. Qd2 Bb7 16. Re2 cxd4 17. Nxd4 Bxg2 18. Kxg2 Nc5 19. Qe3 Qc7 20. Qf3 a6 21. Rd1 Rac8 22. h4 h6 23. Red2 Rfd8 24. Ne2 Rxd2 25. Rxd2 Bxc3 26. Nxc3 Rd8 27. Rxd8+ Qxd8 28. b4 Nd7 29. Qb7 a5 30. a3 axb4 31. axb4 Ne5 32. c5 bxc5 0-1

[Event "Titled Tuesday intern op 22nd June"]
[Site "Chess.com INT"]
[Date "2021.06.22"]
[Round "2"]
[White "Rojas Alarcon, Julian Antonio"]
[Black "Prohorov, Olexandr"]
[Result "1-0"]
[WhiteElo "2397"]
[BlackElo "2086"]
[PlyCount "77"]
[EventDate "2021.06.22"]
[EventType "swiss (blitz)"]
[EventRounds "11"]
[EventCountry "USA"]
[SourceTitle "CBM 203 Extra"]
[Source "ChessBase"]
[SourceDate "2021.09.30"]
[SourceVersion "1"]
[SourceVersionDate "2021.09.30"]
[SourceQuality "1"]

1. e4 c5 2. Nf3 Nc6 3. Nc3 e5 4. Bc4 Be7 5. d3 Nf6 6. Nd2 0-0 7. Nf1 a6 8. Ne3 b5 9. Bb3 Nd4 10. 0-0 d6 11. f4 exf4 12. Rxf4 Be6 13. Bd2 Qd7 14. Bd5 Rac8 15. a3 b4 16. Ne2 Bxd5 17. exd5 a5 18. Nxd4 cxd4 19. Rxd4 Rb8 20. axb4 axb4 21. Rxb4 Rxb4 22. Bxb4 Qb5 23. Bc3 Nxd5 24. Nxd5 Qxd5 25. Qg4 g6 26. Re1 Bd8 27. Qd4 Qxd4+ 28. Bxd4 Ba5 29. c3 Rc8 30. b4 Bc7 31. b5 d5 32. b6 Bd6 33. Rb1 Bb8 34. Rb5 Rd8 35. Bf6 Rd6 36. Be5 Rd8 37. Bxb8 Rxb8 38. c4 dxc4 39. dxc4 1-0

[Event "Titled Tuesday intern op 15th June"]
[Site "Chess.com INT"]
[Date "2021.06.15"]
[Round "8"]
[White "Balakrishnan, Praveen"]
[Black "Rojas Alarcon, Julian Antonio"]
[Result "1-0"]
[WhiteElo "2500"]
[BlackElo "2397"]
[PlyCount "47"]
[EventDate "2021.06.15"]
[EventType "swiss (blitz)"]
[EventRounds "11"]
[EventCountry "USA"]
[SourceTitle "CBM 203 Extra"]
[Source "ChessBase"]
[SourceDate "2021.09.30"]
[SourceVersion "1"]
[SourceVersionDate "2021.09.30"]
[SourceQuality "1"]

1. e4 c5 2. Nf3 d6 3. d4 cxd4 4. Qxd4 Nf6 5. Nc3 Nc6 6. Bb5 Bd7 7. Bxc6 Bxc6 8. Bg5 e6 9. 0-0-0 Be7 10. Rhe1 Qc7 11. Bxf6 gxf6 12. Nd5 Qd8 13. Nxe7 Kxe7 14. e5 fxe5 15. Nxe5 f6 16. Nc4 d5 17. Qg4 Qg8 18. Qd4 Qd8 19. Qg4 Qg8 20. Rxe6+ Qxe6 21. Qg7+ Kd8 22. Qxh8+ Kc7 23. Qxa8 dxc4 24. Qd8# 1-0

[Event "Titled Tuesday intern op 15th June"]
[Site "Chess.com INT"]
[Date "2021.06.15"]
[Round "6"]
[White "Harsha, Bharathakoti"]
[Black "Rojas Alarcon, Julian Antonio"]
[Result "1-0"]
[WhiteElo "2509"]
[BlackElo "2397"]
[PlyCount "89"]
[EventDate "2021.06.15"]
[EventType "swiss (blitz)"]
[EventRounds "11"]
[EventCountry "USA"]
[SourceTitle "CBM 203 Extra"]
[Source "ChessBase"]
[SourceDate "2021.09.30"]
[SourceVersion "1"]
[SourceVersionDate "2021.09.30"]
[SourceQuality "1"]

1. f4 g6 2. Nf3 Bg7 3. g3 c5 4. Bg2 Nc6 5. 0-0 d5 6. d3 e6 7. Qe1 Nge7 8. e4 0-0 9. Nc3 a6 10. e5 b5 11. Ne2 d4 12. g4 f6 13. exf6 Bxf6 14. Ng3 Nd5 15. Ne4 Qe7 16. Nxf6+ Rxf6 17. Ng5 Bd7 18. Bd2 Raf8 19. Bxd5 exd5 20. Qxe7 Nxe7 21. Rae1 Nc6 22. h3 h6 23. Nf3 h5 24. Nh2 hxg4 25. hxg4 Re6 26. Rxe6 Bxe6 27. Kg2 c4 28. Re1 Bf7 29. Nf3 b4 30. b3 Rc8 31. Kg3 a5 32. f5 a4 33. Bg5 Ra8 34. Bf6 gxf5 35. gxf5 Bh5 36. Nxd4 Nxd4 37. Bxd4 axb3 38. axb3 cxb3 39. cxb3 Ra3 40. Rh1 Be2 41. Rh8+ Kf7 42. Rh7+ Kg8 43. Rg7+ Kf8 44. f6 Rxb3 45. Bc5+ 1-0

[Event "Titled Tuesday intern op 15th June"]
[Site "Chess.com INT"]
[Date "2021.06.15"]
[Round "3"]
[White "Rojas Alarcon, Julian Antonio"]
[Black "Borawski, Jakub"]
[Result "1-0"]
[WhiteElo "2397"]
[BlackElo "2222"]
[PlyCount "71"]
[EventDate "2021.06.15"]
[EventType "swiss (blitz)"]
[EventRounds "11"]
[EventCountry "USA"]
[SourceTitle "CBM 203 Extra"]
[Source "ChessBase"]
[SourceDate "2021.09.30"]
[SourceVersion "1"]
[SourceVersionDate "2021.09.30"]
[SourceQuality "1"]

1. c4 e5 2. Nc3 Nc6 3. g3 g6 4. Bg2 Bg7 5. d3 Nge7 6. Nf3 0-0 7. Bd2 d5 8. cxd5 Nxd5 9. 0-0 Nde7 10. Rc1 a5 11. a3 Nd4 12. Ne4 Ra7 13. Nxd4 exd4 14. e3 b6 15. b4 axb4 16. axb4 Nd5 17. exd4 Bxd4 18. Bg5 f6 19. Bd2 Kh8 20. Qc2 f5 21. Ng5 h6 22. Nf3 Bg7 23. Rfe1 Kh7 24. Qc4 Bb7 25. Nd4 Bxd4 26. Qxd4 c6 27. h4 Ba8 28. h5 Rg7 29. hxg6+ Rxg6 30. Bxd5 cxd5 31. Re5 Bb7 32. Rce1 Rf7 33. Re8 Qf6 34. Qxf6 Rgxf6 35. Bc3 Rg6 36. Rh8# 1-0

[Event "Titled Tuesday intern op 15th June"]
[Site "Chess.com INT"]
[Date "2021.06.15"]
[Round "2"]
[White "Rojas Alarcon, Julian Antonio"]
[Black "Legenia, Artem"]
[Result "1/2-1/2"]
[WhiteElo "2397"]
[BlackElo "2144"]
[PlyCount "150"]
[EventDate "2021.06.15"]
[EventType "swiss (blitz)"]
[EventRounds "11"]
[EventCountry "USA"]
[SourceTitle "CBM 203 Extra"]
[Source "ChessBase"]
[SourceDate "2021.09.30"]
[SourceVersion "1"]
[SourceVersionDate "2021.09.30"]
[SourceQuality "1"]

1. e4 c5 2. Nf3 d6 3. Bb5+ Nd7 4. c3 e6 5. 0-0 a6 6. Ba4 b5 7. Bc2 Bb7 8. Re1 Ngf6 9. d4 Be7 10. Bg5 0-0 11. Nbd2 h6 12. Bh4 cxd4 13. cxd4 Rc8 14. Rc1 Qb6 15. Bb1 Rxc1 16. Qxc1 Rc8 17. Qd1 g5 18. Bg3 g4 19. Nh4 Qxd4 20. b3 d5 21. e5 Ne8 22. Qe2 Ng7 23. Nf1 Nf8 24. Ne3 h5 25. Rd1 Qb4 26. Qd3 Rc3 27. Qe2 Qc5 28. Nf1 Rc1 29. Qd2 Rxd1 30. Qxd1 Bg5 31. h3 gxh3 32. gxh3 Qc1 33. Qxc1 Bxc1 34. Nf3 Nd7 35. Ne3 a5 36. Nd4 b4 37. Bd3 Nc5 38. Bb5 Ne4 39. Bh2 Bb2 40. Nc6 Nc3 41. Nxa5 Nxb5 42. Nxb7 Nc3 43. Nc2 Nxa2 44. Nc5 Nf5 45. Nd3 Bc3 46. Bf4 Kg7 47. Kg2 f6 48. exf6+ Kxf6 49. Bc7 e5 50. Kf1 Nd4 51. Ne3 Ke6 52. Nc5+ Kf6 53. Nxd5+ Kf5 54. Ne3+ Kf6 55. Ba5 Nc1 56. Nd5+ Kf5 57. Nxc3 bxc3 58. Bxc3 Ncxb3 59. Nd3 Nc6 60. Ne1 Nbd4 61. Kg2 Kf4 62. Nd3+ Kf5 63. Nc5 e4 64. Na4 Ne2 65. Bd2 Nf4+ 66. Kh2 Ne5 67. Bxf4 Kxf4 68. Nc3 Nf3+ 69. Kg2 h4 70. Nd5+ Ke5 71. Ne3 Kf4 72. Kf1 Ng5 73. Kg2 Nf3 74. Nd5+ Ke5 75. Ne3 Kf4 1/2-1/2

[Event "Titled Tuesday intern op 11th May"]
[Site "Chess.com INT"]
[Date "2021.05.11"]
[Round "5"]
[White "Rojas Alarcon, Julian Antonio"]
[Black "Wagner, Dennis"]
[Result "1/2-1/2"]
[WhiteElo "2397"]
[BlackElo "2572"]
[PlyCount "147"]
[EventDate "2021.05.11"]
[EventType "swiss (blitz)"]
[EventRounds "11"]
[EventCountry "USA"]
[SourceTitle "CBM 202 Extra"]
[Source "ChessBase"]
[SourceDate "2021.07.31"]
[SourceVersion "1"]
[SourceVersionDate "2021.07.31"]
[SourceQuality "1"]

1. c4 c5 2. Nc3 g6 3. g3 Bg7 4. Bg2 Nc6 5. Nf3 d6 6. 0-0 Bf5 7. a3 Qd7 8. b4 cxb4 9. axb4 Nxb4 10. d4 Nf6 11. Qb3 Nc6 12. d5 Nd8 13. Be3 Ne4 14. Nd4 Nd2 15. Bxd2 Bxd4 16. Bh6 Bh3 17. Bxh3 Qxh3 18. Bg5 f6 19. Be3 Bxe3 20. fxe3 h5 21. Nb5 h4 22. e4 hxg3 23. Qxg3 Qxg3+ 24. hxg3 Kd7 25. Nxa7 Nf7 26. Nb5 Ne5 27. Nd4 Rxa1 28. Rxa1 Nxc4 29. Ra7 Kc7 30. Ra1 Ne5 31. Kg2 Kb8 32. Rb1 Rc8 33. Rh1 Rc4 34. Nb5 Kc8 35. Rh8+ Kd7 36. Rb8 Rxe4 37. Rxb7+ Ke8 38. Nc7+ Kf7 39. Ne6 Rxe2+ 40. Kf1 Rd2 41. Nd8+ Ke8 42. Ne6 g5 43. Rb8+ Kf7 44. Rb5 Kg6 45. Nd8 Kf5 46. Rb7 Ke4 47. Rxe7 Kf3 48. Ke1 Re2+ 49. Kd1 Re3 50. Nc6 Rd3+ 51. Kc2 Rxd5 52. Nb4 Rc5+ 53. Kb3 Kxg3 54. Re6 f5 55. Rxd6 f4 56. Nd5 Rc3+ 57. Kxc3 f3 58. Rf6 f2 59. Ne3 g4 60. Kd2 Nf3+ 61. Ke2 Nd4+ 62. Kf1 Nf3 63. Nd1 Nh2+ 64. Ke2 f1Q+ 65. Rxf1 Nxf1 66. Kxf1 Kf3 67. Kg1 g3 68. Nc3 g2 69. Nd5 Kg3 70. Nf6 Kf3 71. Nh5 Kg4 72. Nf6+ Kf3 73. Ne4 Kxe4 74. Kxg2 1/2-1/2

[Event "Titled Tuesday intern op 11th May"]
[Site "Chess.com INT"]
[Date "2021.05.11"]
[Round "7"]
[White "Shevtchenko, Olesya"]
[Black "Rojas Alarcon, Julian Antonio"]
[Result "1-0"]
[WhiteElo "2054"]
[BlackElo "2397"]
[PlyCount "99"]
[EventDate "2021.05.11"]
[EventType "swiss (blitz)"]
[EventRounds "11"]
[EventCountry "USA"]
[SourceTitle "CBM 202 Extra"]
[Source "ChessBase"]
[SourceDate "2021.07.31"]
[SourceVersion "1"]
[SourceVersionDate "2021.07.31"]
[SourceQuality "1"]

1. e4 c5 2. Nf3 d6 3. d4 cxd4 4. Nxd4 Nf6 5. Nc3 a6 6. h3 h5 7. Be3 e5 8. Nb3 Be6 9. f4 Qc7 10. Be2 Nbd7 11. 0-0 Rc8 12. Rc1 Be7 13. Nd5 Bxd5 14. exd5 h4 15. f5 Ne4 16. Bd3 Ng3 17. Re1 Nb6 18. Qg4 Nxd5 19. Qxg7 Bf6 20. Qg4 Nxe3 21. Rxe3 Qb6 22. Rce1 Ke7 23. Kh2 Rhg8 24. Qa4 Rxc2 25. Bxc2 Nf1+ 26. Rxf1 Qxe3 27. Qe4 Qb6 28. Nd2 Rd8 29. Nc4 Qc5 30. Ne3 d5 31. Qd3 e4 32. Qd2 Bxb2 33. f6+ Bxf6 34. Nf5+ Kd7 35. Ba4+ b5 36. Bb3 Ke6 37. Kh1 a5 38. Ne3 Bg5 39. Bxd5+ Rxd5 40. Qxd5+ Qxd5 41. Nxd5 Kxd5 42. Rf5+ Kd4 43. Rxg5 e3 44. Kg1 b4 45. Rxa5 Kd3 46. Kf1 Kd2 47. Rd5+ Kc3 48. Ke2 Kb2 49. Rd4 Kxa2 50. Rxb4 1-0